<?xml version="1.0" encoding="UTF-8"?><?xml-stylesheet type="text/xsl" href="static/style.xsl"?><OAI-PMH xmlns="http://www.openarchives.org/OAI/2.0/" xmlns:xsi="http://www.w3.org/2001/XMLSchema-instance" xsi:schemaLocation="http://www.openarchives.org/OAI/2.0/ http://www.openarchives.org/OAI/2.0/OAI-PMH.xsd"><responseDate>2026-06-01T20:48:15Z</responseDate><request verb="GetRecord" identifier="oai:riuma.uma.es:10630/17890" metadataPrefix="marc">https://riuma.uma.es/rest/oai/request</request><GetRecord><record><header><identifier>oai:riuma.uma.es:10630/17890</identifier><datestamp>2026-02-03T11:48:19Z</datestamp><setSpec>com_10630_2254</setSpec><setSpec>col_10630_37959</setSpec></header><metadata><record xmlns="http://www.loc.gov/MARC21/slim" xmlns:dcterms="http://purl.org/dc/terms/" xmlns:doc="http://www.lyncode.com/xoai" xmlns:xsi="http://www.w3.org/2001/XMLSchema-instance" xsi:schemaLocation="http://www.loc.gov/MARC21/slim http://www.loc.gov/standards/marcxml/schema/MARC21slim.xsd">
   <leader>00925njm 22002777a 4500</leader>
   <datafield ind2=" " ind1=" " tag="042">
      <subfield code="a">dc</subfield>
   </datafield>
   <datafield ind2=" " ind1=" " tag="720">
      <subfield code="a">Taillefer de Haya, Carlos</subfield>
      <subfield code="e">author</subfield>
   </datafield>
   <datafield ind2=" " ind1=" " tag="260">
      <subfield code="c">2019-06-26</subfield>
   </datafield>
   <datafield ind2=" " ind1=" " tag="520">
      <subfield code="a">LOS OFICIOS DEL CINE Y LAS BELLAS ARTES&#xd;
&#xd;
Los oficios del cine son la aplicación  al  lenguaje cinematográfico  de  las distintas  formas de expresión de las Bellas Artes adaptadas a la forma específica de  hacer  y  crear  una  obra  audiovisual. &#xd;
Guion&#xd;
Cuando un escritor trabaja para el cine, se le llama guionista. El guionista elabora por escrito el instrumento que se convertirá en la herramienta de trabajo para absolutamente todos los que intervienen  en una película y que  se  conoce con el nombre de “guion”. Por otra parte, el story-board es un guion gráfico, una especie de tebeo con texto en el que los diferentes planos que van a componer la obra están dibujados y bosquejados de modo más o menos  somero.  &#xd;
Director de Arte&#xd;
Los Directores de Arte son los responsables de lo que se ve en el cuadro de la pantalla: localizaciones, colores, diseños, decorados, ambientación, mobiliario,  atrezzo... Podríamos llamarlos  los arquitectos de las películas. Lo que se ve en una pantalla se diseña, en un primer momento, desde el "punto de vista" de  las propuestas que el Director de Arte hace al director y a la producción de la película. &#xd;
Música&#xd;
Los músicos en  el cine crean  lo que podríamos llamar el  lenguaje Invisible  o mundo interior: el  juego  de las emociones. Las músicas originales para una  película  eran muy  escasas  en la  época  del  cine mudo. Algunos  vieron pronto un futuro profesional en la industria de la música para acompañar lo que se veía en la pantalla, y se pusieron a editar repertorios de fragmentos originales. &#xd;
Director de Fotografía&#xd;
El director de fotografía es el responsable del carácter de la imagen que  retrata  para ser proyectada sobre la pantalla &#xd;
Sobre el montaje&#xd;
Todos estos oficios concluyen sus respectivas funciones en la obra cinematográfica terminada. Ésta, para adquirir su propia entidad, precisa de la actividad del montaje, o actualmente edición digital.</subfield>
   </datafield>
   <datafield ind1="8" ind2=" " tag="024">
      <subfield code="a">https://hdl.handle.net/10630/17890</subfield>
   </datafield>
   <datafield tag="653" ind2=" " ind1=" ">
      <subfield code="a">Cine</subfield>
   </datafield>
   <datafield tag="653" ind2=" " ind1=" ">
      <subfield code="a">Oficios</subfield>
   </datafield>
   <datafield tag="653" ind2=" " ind1=" ">
      <subfield code="a">Directores de cine</subfield>
   </datafield>
   <datafield tag="653" ind2=" " ind1=" ">
      <subfield code="a">Fotografía</subfield>
   </datafield>
   <datafield tag="653" ind2=" " ind1=" ">
      <subfield code="a">Montaje</subfield>
   </datafield>
   <datafield tag="653" ind2=" " ind1=" ">
      <subfield code="a">Guiones cinematográficos</subfield>
   </datafield>
   <datafield tag="653" ind2=" " ind1=" ">
      <subfield code="a">Música</subfield>
   </datafield>
   <datafield ind2="0" ind1="0" tag="245">
      <subfield code="a">Los oficios del cine y las Bellas Artes</subfield>
   </datafield>
</record>
</metadata></record></GetRecord></OAI-PMH>